000 01756cam a22004334i 4500
003 PE-LiUPU
005 20250731175622.0
008 150623s1998 ne r 000 0 eng d
020 _a9004104992
035 _a(Sirsi) i9789004104990
040 _aPE-LiUPU
_bspa
_cPE-LiUPU
_erda
049 _aPRUA
082 0 4 _a492.2
_bM95
_221
100 1 _aMuraoka, Takamitsu,
_eautor.
245 1 2 _aA grammar of Egyptian aramaic /
_cTakamitsu Muraoka.
264 1 _aLeiden, The Netherlands :
_bBrill,
_c1998.
300 _a393 páginas ;
_c25 centímetros.
336 _atext
_2rdacontent
337 _aunmediated
_2rdamedia
338 _avolume
_2rdacarrier
490 0 _aHandbuch der Orientalistick. Erste Abteilung, der Nahe und Mittlere Osten ;
_v32
504 _aIncluye bibliografía.
505 0 _aPhonology -- Morphology : The noun, adjective and particles -- Morphology : verb -- Morphosyntax: the pronoun -- The noun and the adjective -- The verb -- Syntax: noun phrase expanded-- Verb phrase expanded -- Other syntactic issues.
526 _aP145
526 _aP127
526 _aP97
526 _aP35
526 _aP14
526 _aP07
650 1 4 _aArameo (lengua)
_zEgipto
_xGramática.
650 1 4 _aArameo (lengua)
_zAntiguo Egipto
_v[libro de texto].
700 1 _aPorten, Bezalel,
_eeditor.
942 _2ddc
_cBOOK
949 _a492.2 M95
_wDEWEY
_c1
_i44928
_lCCODEBUL1
_mBUL
_r0
_sY
_tBOOK
_u2015-6-24
_xTEOLOGIA
_PP35
_0COMPRA
_o.STAFF. Colección General
994 _aC0
_bPEPRU
596 _a1
999 _a492.2 M95
_wDEWEY
_c21800
_i44928
_f2021-11-12
_g5
_lCCODEBUL1
_mBUL
_p39.17
_r1
_sY
_tBOOK
_u2015-6-24
_xTEOLOGIA
_PP35
_0COMPRA
_o.STAFF. Colección Teología
_d21800
980 _81
_gALBERTO SANCHEZ Responsable de Automatización